Mathematical economics

Sparad:
Bibliografiska uppgifter
Huvudupphovsman: Turner, Baldani Bradfield
Materialtyp: Bok
Språk:Undetermined
Publicerad: Australia Thomson 2005
Ämnen:
Taggar: Lägg till en tagg
Inga taggar, Lägg till första taggen!
Thư viện lưu trữ: Trung tâm Học liệu Trường Đại học Cần Thơ
LEADER 00509nam a2200193Ia 4500
001 CTU_87616
008 210402s9999 xx 000 0 und d
020 |c 117.13 
082 |a 330.0154 
082 |b T944 
100 |a Turner, Baldani Bradfield 
245 0 |a Mathematical economics 
245 0 |c Baldani Bradfield Turner 
260 |a Australia 
260 |b Thomson 
260 |c 2005 
650 |a Economics, mathematical 
904 |i Trúc 
980 |a Trung tâm Học liệu Trường Đại học Cần Thơ